=LDR 00000nam 2200000 4500 =001 INLIS000000000034603 =005 20130612140513 =008 ***********************************ind** =035 ##$$0010-061300000034603 =041 ##$$a ind =082 ##$$a 028.5 =090 ##$$a 028.5, Rob,b =100 ##$$a Roberts,Angela =245 ##$$a Barbie Loves Ballet, Barbie Suka Balet, Angela Roberts; Alih Bahasa,Ramayanti =260 ##$$a 2008 $b Jakarta =300 ##$$a 23 hlm.Illus., 20 cm =650 ##$$a Bacaan Kanak-Kanak =700 ##$$a Ramayanti =850 ##$$a NBPNMAT